000 00549nam a2200193Ia 4500
005 20250508151047.0
008 008 250505s9999 xx 000 0 eng d
037 _aTextual
040 _aFEDL
_beng
_cFEDL
041 _aeng
_2eng
084 _a374, UNE
_qFEDL
100 _aHoule Cyril O
245 0 _aLibraries in adult and fundamental education
245 0 _cUnited Nations Educational Scientific and Cultural Organization
260 _c1951
300 _aviii,179p.
942 _cTEXL
_h374, UNE
999 _c1327330
_d1327330